THE WORLD'S FITTEST COOKBOOK

Bibliographic Details
Main Author: Edgley, Ross (Author)
Format: Book
Language:English
Published: London : Harpercollins Publishenrs 2022
Subjects:

MARC

LEADER 00000cam a2200000 7i4500
001 0000148721
005 20230419.0
008 230419s2022 enka x k eng
020 |a 9780008465612 
040 |a PERPUSTAM   |b eng   |c PERPUSTAM   |e rda 
041 |a eng 
090 0 0 |a 641.563   |b EDG 
100 1 |a Edgley, Ross ,   |e author 
245 1 4 |a THE WORLD'S FITTEST COOKBOOK   |c ROSS EDGLEY 
264 1 |a London :   |b Harpercollins Publishenrs   |c 2022 
300 |a 237 pages :   |b colour illustrations ;   |c 23 cm. 
336 |a text  |2 rdacontent 
337 |a unmediated  |2 rdamedia 
338 |a volume  |2 rdacarrier 
500 |a Includes index 
650 1 0 |a Cooking 
650 2 0 |a Cookbooks 
650 2 0 |a Physical fitness   |x Nutritional aspects 
999 |a 0000762266   |b Buku   |c Rak Terbuka   |e Perbadanan Perpustakaan Awam Melaka 
999 |a 0000762267   |b Buku   |c Rak Terbuka   |e Perbadanan Perpustakaan Awam Melaka 
999 |a 0000762268   |b Buku   |c Rak Terbuka   |e Perpustakaan Cawangan Jasin 
999 |a 0000762269   |b Buku   |c Rak Terbuka   |e Perpustakaan Cawangan Masjid Tanah 
999 |a 0000762270   |b Buku   |c Rak Terbuka   |e Perpustakaan Cawangan Merlimau